Communication Electronics Sem.- IV ( S. Y. B. Sc. ) (Record no. 370221)
[ view plain ]
| 000 -LEADER | |
|---|---|
| fixed length control field | 00413nam a22001577a 4500 |
| 005 - DATE AND TIME OF LATEST TRANSACTION | |
| control field | 20260128150412.0 |
| 008 - FIXED-LENGTH DATA ELEMENTS--GENERAL INFORMATION | |
| fixed length control field | 260128b |||||||| |||| 00| 0 eng d |
| 020 ## - INTERNATIONAL STANDARD BOOK NUMBER | |
| International Standard Book Number | 978-93-6993-160-6 |
| 041 ## - LANGUAGE CODE | |
| Language code of text/sound track or separate title | Eng. |
| 100 ## - MAIN ENTRY--PERSONAL NAME | |
| Author | Chaudhari, S. R. & Others |
| 245 ## - TITLE STATEMENT | |
| Title | Communication Electronics Sem.- IV ( S. Y. B. Sc. ) |
| 250 ## - EDITION STATEMENT | |
| Edition statement | 1st ed. |
| 260 ## - PUBLICATION, DISTRIBUTION, ETC. | |
| Place of publication, distribution, etc. | Pune |
| Name of publisher, distributor, etc. | Nirali Books |
| 300 ## - PHYSICAL DESCRIPTION | |
| Extent | 4.38 |
| 942 ## - ADDED ENTRY ELEMENTS (KOHA) | |
| Koha item type | Books |
| Withdrawn status | Lost status | Source of classification or shelving scheme | Damaged status | Not for loan | Home library | Current library | Date acquired | Vendor | Cost, normal purchase price | Bill number | Total Checkouts | Barcode | Date last seen | Bill Date | Koha item type | Original Barcode |
|---|---|---|---|---|---|---|---|---|---|---|---|---|---|---|---|---|
| Dewey Decimal Classification | Shri Siddhivinayak Mahila Mahavidyalaya | Shri Siddhivinayak Mahila Mahavidyalaya | 28/01/2026 | Nirali | 110.00 | P 75000 | SSMM-BK-32874 | 28/01/2026 | 24/01/2026 | Books | 010032874 | |||||
| Dewey Decimal Classification | Shri Siddhivinayak Mahila Mahavidyalaya | Shri Siddhivinayak Mahila Mahavidyalaya | 28/01/2026 | Nirali | 110.00 | P 75000 | SSMM-BK-32875 | 28/01/2026 | 24/01/2026 | Books | 010032875 | |||||
| Dewey Decimal Classification | Shri Siddhivinayak Mahila Mahavidyalaya | Shri Siddhivinayak Mahila Mahavidyalaya | 28/01/2026 | Nirali | 110.00 | P 75000 | SSMM-BK-32876 | 28/01/2026 | 24/01/2026 | Books | 010032876 | |||||
| Dewey Decimal Classification | Shri Siddhivinayak Mahila Mahavidyalaya | Shri Siddhivinayak Mahila Mahavidyalaya | 28/01/2026 | Nirali | 110.00 | P 75000 | SSMM-BK-32877 | 28/01/2026 | 24/01/2026 | Books | 010032877 | |||||
| Dewey Decimal Classification | Shri Siddhivinayak Mahila Mahavidyalaya | Shri Siddhivinayak Mahila Mahavidyalaya | 28/01/2026 | Nirali | 110.00 | P 75000 | SSMM-BK-32878 | 28/01/2026 | 24/01/2026 | Books | 010032878 |